01219nam a2200253 a 4500001001000000005001700010008004100027041000800068044000700076050002100083245033100104260009000435300003100525500003200556500001800588500004100606500000800647500003500655500008600690506009200776650002200868650004400890700003100934BRCA_784720190320210025.0300514s1684----fr-a###f##---#000-0#lat-# alat afr 4aBX2015b.A2 168410aMissale Romanumbex decreto, Sacro Sancti Concilii. Tridentini Restitutum, PII V. Pont. Max. Jessu editium. Et Clementis VIII. Primium, nunc denuo. Urbani Papae VIII. auctoritate recognitum. Unà cum omnibus aliorum Sanctorum Missis ab Innocentio X caeterisque summis. Pontificibus ConcessiscApud Georgium & Ludovicum Josse. aParisbApud Georgium & Ludovicum Josse viâ Jacobaea, sub signo Coronae Spinaec1684 acxxii, 582 p.bil.c15 cm. aEdición de cantos dorados aFondo antiguo aEjemplar se encuentra en caja fuerte aT-8 aCon Ex- libris de: Franz Mayer aEstado físico: la tapa se encuentra rota del costado donde se encuentra el lomo0 aFondo reservado: para su consulta es necesario credencial de usuario y carta de motivos14aMisalesySiglo XV14aLibros litúrgicosvEdición especial1 aJosse, Georgium & Ludovico